| Tag |
First Indicator |
Second Indicator |
Subfields |
| LEADER |
00000cgm a2200000Ma 4500 |
| 001 |
in00003530643 |
| 005 |
20151105194536.0 |
| 007 |
vd cvaizk |
| 008 |
100706s2008 at --- vleng |
| 028 |
4 |
2 |
|a SOBDVD008
|b Sound of Bamboo
|
| 035 |
|
|
|a (OCoLC)ocn704341662
|
| 040 |
|
|
|a AU@
|b eng
|c AU@
|d OCLCF
|d OCLCO
|d TXA
|d UtOrBLW
|
| 042 |
|
|
|a anuc
|
| 049 |
|
|
|a TXAM
|
| 090 |
|
|
|a ML990.S5
|b W673 2008
|
| 111 |
2 |
|
|a World Shakuhachi Festival
|d (2008 :
|c Sydney, N.S.W.)
|
| 245 |
1 |
2 |
|a --in the between :
|b meditations and illuminations on The Tibetan book of the dead.
|
| 246 |
3 |
0 |
|a Meditations and illuminations on The Tibetan book of the dead
|
| 246 |
3 |
|
|a World Shakuhachi Festival, 2008
|
| 264 |
|
1 |
|a [Australia] :
|b Australian Shakuhachi Society,
|c 2008.
|
| 300 |
|
|
|a 1 videodisc :
|b sound, color ;
|c 4 3/4 in. +
|e 1 leaflet.
|
| 336 |
|
|
|a two-dimensional moving image
|b tdi
|2 rdacontent
|
| 337 |
|
|
|a video
|b v
|2 rdamedia
|
| 338 |
|
|
|a videodisc
|b vd
|2 rdacarrier
|
| 538 |
|
|
|a DVD; NTSC (will play on most PAL players and all computers) ; 4:3 aspect ratio. Sound format unspecified.
|
| 500 |
|
|
|a Title from disc label.
|
| 511 |
0 |
|
|a Trikaya (Michael Askill, bowls & gongs; Riley Lee, shakuhachi & drum; Tenzin Choegyal, vocals & gyaling; James Coates, narrator).
|
| 518 |
|
|
|a Recorded live at Verbrugghen Hall, Sydney Conservatorium of Music, during the World Shakuhachi Festival, July 5, 2008.
|
| 500 |
|
|
|a Contents and recording credits on accompanying leaflet.
|
| 500 |
|
|
|a Videorecording.
|
| 650 |
|
0 |
|a Shakuhachi music.
|
| 650 |
|
0 |
|a Monologues with music (Instrumental ensemble)
|
| 650 |
|
7 |
|a Monologues with music (Instrumental ensemble)
|2 fast
|0 (OCoLC)fst01188750
|
| 655 |
|
7 |
|a Filmed performances.
|2 lcgft
|
| 655 |
|
7 |
|a Concert films.
|2 lcgft
|
| 655 |
|
7 |
|a Nonfiction films.
|2 lcgft
|
| 700 |
1 |
|
|a Coates, James.
|
| 700 |
0 |
|
|a Karma-gliṅ-pa,
|d active 14th century.
|t Bar do thos grol.
|
| 710 |
2 |
|
|a Trikaya (Musical group)
|
| 710 |
2 |
|
|a Australian Shakuhachi Society.
|
| 994 |
|
|
|a C0
|b TXA
|
| 948 |
|
|
|a cataloged
|b h
|c 2015/5/5
|d c
|e blrosas
|f 2:05:53 pm
|
| 999 |
|
|
|a MARS
|
| 999 |
f |
f |
|s 776d44de-0da5-333a-b2f1-1265a5663425
|i 777197de-9c95-32e0-966c-7136321507d9
|t 0
|
| 952 |
f |
f |
|p ric
|a Texas A&M University
|b Rellis Campus
|c Joint Library Facility
|d Remote Storage
|t 0
|e ML990.S5 W673 2008
|h Library of Congress classification
|i video -- videodisc
|m A14839228666
|
| 998 |
f |
f |
|a ML990.S5 W673 2008
|t 0
|l Remote Storage
|